000 00817nam a22002657a 4500
001 BR9210146
003 BR-BrBNA
005 20230928093734.0
007 ta
008 230509b bl.||||| |||| 00| 0 por d
040 _aBR-BrBNA
_bpor
_cBiblioteca Nacional de Agricultura
041 _a(Por)
072 _aS01
090 _ S01 BR9210146
100 1 _aSchneider, C.R.
110 1 _aEscola de Administracao de Empresas de Sao Paulo, SP (Brasil)
_94291
245 1 _aAlimentacao das classes baixas no Brasil: apenas um problema social, ou uma oportunidade de mercado para as empresas do ramo
260 3 _aSao Paulo, SP (Brasil):
_c1978.
300 _a329 p.
500 _a41 ref.; 28 tables
650 _aNutricao Humana
650 _aBaixa Renda
909 _a202309
_bLucia
_c55
_dLucia Elande
942 _cBK
999 _c46806
_d46806